| 000 | 00757cam a22001934a 4500 | ||
|---|---|---|---|
| 005 | 20250605163921.0 | ||
| 008 | 250528s ||||||||||||||||||||||||d | ||
| 035 | _a14385 | ||
| 020 | _a674605357 | ||
| 040 |
_aGR-AtMCL _bgre _dGR-AtMCL _eAACR2 |
||
| 245 | 1 | _aThe Nature of Mass Poverty | |
| 260 |
_bHarvard University Press, _c1979 |
||
| 300 | _a150 | ||
| 520 | _aThe writer examines the persistence of worldwide poverty and suggests policies to alleviate it. How Poverty is Now Explained, The Political Origins of Error, The Equilibrium of Poverty, Accommodation, What Is Now Explained, The Framework of Policy, The Industrial Escape, On Migration, Index. | ||
| 700 | 1 |
_aGalbraith Kenneth John _926 |
|
| 942 | _cBK | ||
| 999 |
_c19 _d19 |
||